The awakened East : a report by Soviet jounalists on the visit of N.S. Khrushchov to India, Burma, Indonesia, and Afghanistan

Bewaard in:
Bibliografische gegevens
Formaat: Boek
Taal:Undetermined
Gepubliceerd in: Moscow Foreign Languages Pub. House 1961
Onderwerpen:
Tags: Voeg label toe
Geen labels, Wees de eerste die dit record labelt!
Thư viện lưu trữ: Trung tâm Học liệu Trường Đại học Cần Thơ
LEADER 00639nam a2200193Ia 4500
001 CTU_92745
008 210402s9999 xx 000 0 und d
082 |a 915 
082 |b A964 
245 4 |a The awakened East : 
245 2 |b a report by Soviet jounalists on the visit of N.S. Khrushchov to India, Burma, Indonesia, and Afghanistan 
245 0 |c Contributors: A. Ajubei, and others. Translated from the Russian 
260 |a Moscow 
260 |b Foreign Languages Pub. House 
260 |c 1961 
650 |a Visits of state 
650 |z Soviet union 
904 |i Bằng 
980 |a Trung tâm Học liệu Trường Đại học Cần Thơ